000 02008cam a2200493 i 4500
001 xx004989439
003 NUKAT
005 20260430112748.0
008 201105s2020 pl a |001 0 pol c
020 _a9788380989955
_q(oprawa miękka ;
_qdruk)
020 _a9788380989962
_q(oprawa miękka ;
_qpdf online)
035 _a(OCoLC)1204346521
035 _a(NUKAT)xx004989439
040 _aGD U/MJ
_bpol
_erda
_cGD U/MJs
_dWA 14/MBs
_dOLSZT 008/bak
045 2 _bd1945
_bd1990
046 _k2020
245 0 0 _aStudia z historii najnowszej Polski.
_nT. 2 /
_cpod redakcją Rafała Łatki i Michała Przeperskiego ; Instytut Pamięci Narodowej. Komisja Ścigania Zbrodni przeciwko Narodowi Polskiemu.
260 _aWarszawa :
_bInstytut Pamięci Narodowej,
_c2020.
300 _a188 stron :
_bilustracje ;
_c24 cm.
336 _aTekst
_btxt
_2rdacontent
337 _aBez urządzenia pośredniczącego
_bn
_2rdamedia
338 _aWolumin
_bnc
_2rdacarrier
380 _aKsiążki
380 _aPublikacje naukowe
388 1 _a2001-
504 _aBibliografia przy pracach. Indeks.
648 7 _a1901-2000
_2DBN
_934996
648 7 _a1945-1989
_2DBN
_936043
648 7 _a1989-2000
_2DBN
_936156
650 7 _aPRL
_2DBN
_935084
651 7 _aPolska
_2DBN
_935076
651 7 _aPolska
_y1918-1939 (II Rzeczpospolita).
_2kaba
_91394
651 7 _aPolska
_y1939-1945 (Okupacja niemiecka i sowiecka).
_2kaba
_913202
651 7 _aPolska
_y1944-1989 (Polska Ludowa).
_2kaba
_914586
655 7 _aMateriały konferencyjne
_2DBN
_936310
655 7 _aPraca zbiorowa
_2DBN
_935107
658 _aHistoria
700 1 _aŁatka, Rafał
_d(1985- ).
_eRedakcja
_915865
700 1 _aPrzeperski, Michał
_d(1986- ).
_eRedakcja
_914041
710 2 _aInstytut Pamięci Narodowej - Komisja Ścigania Zbrodni przeciwko Narodowi Polskiemu.
_eInstytucja sprawcza
_eWydawca
_4pbl
_911792
920 _a978-83-8098-995-5 (oprawa miękka ; druk)
920 _a978-83-8098-996-2 (oprawa miękka ; pdf online)
942 _2ddc
_cBK_NM
999 _c27897
_d27897